Management information systems : (Record no. 76664)
[ view plain ]
| 000 -LEADER | |
|---|---|
| fixed length control field | 00885cam a22002655a 4500 |
| 001 - CONTROL NUMBER | |
| control field | 76664 |
| 003 - CONTROL NUMBER IDENTIFIER | |
| rucl marc code | BD-RjUL |
| 005 - DATE AND TIME OF LATEST TRANSACTION | |
| control field | 20211209082853.0 |
| 008 - FIXED-LENGTH DATA ELEMENTS--GENERAL INFORMATION | |
| fixed length control field | 191231s1998 n ac b 001 0 eng d |
| 020 ## - INTERNATIONAL STANDARD BOOK NUMBER | |
| International Standard Book Number | 9788131730645 |
| 035 ## - SYSTEM CONTROL NUMBER | |
| System control number | (BD-RjUL)76888 |
| 040 ## - CATALOGING SOURCE | |
| Original cataloging agency | StDuBDS |
| Language of cataloging | eng |
| Transcribing agency | StDuBDS |
| Modifying agency | UkOxU |
| -- | Uk |
| 041 ## - LANGUAGE CODE | |
| Language code of text/sound track or separate title | eng |
| 082 04 - DEWEY DECIMAL CLASSIFICATION NUMBER | |
| Classification number | 658.4038 |
| Edition number | 23 |
| Author mark and year | LAM 1998 |
| 100 1# - MAIN ENTRY--PERSONAL NAME | |
| Personal name | Laudon, Kenneth C., |
| Dates associated with a name | 1944- |
| 9 (RLIN) | 43363 |
| 245 10 - TITLE STATEMENT | |
| Title | Management information systems : |
| Remainder of title | managing the digital firm / |
| Statement of responsibility, etc. | Kenneth C. Laudon, Jane P. Laudon, Rajanish Dass |
| 250 ## - EDITION STATEMENT | |
| Edition statement | 3rd. ed |
| 260 ## - PUBLICATION, DISTRIBUTION, ETC. (IMPRINT) | |
| Place of publication, distribution, etc. | Newyork : |
| Name of publisher, distributor, etc. | Macmillian, , |
| Date of publication, distribution, etc. | c1998 |
| 300 ## - PHYSICAL DESCRIPTION | |
| Pagination | 480, [6] p. : |
| Illustrations | ill. ; |
| Size | 28 cm |
| 504 ## - BIBLIOGRAPHY, ETC. NOTE | |
| Bibliography, etc | Includes bibliographical references and index. |
| 650 #0 - SUBJECT ADDED ENTRY--TOPICAL TERM | |
| Topical term or geographic name as entry element | Management information systems. |
| 9 (RLIN) | 1330 |
| 700 1# - ADDED ENTRY--PERSONAL NAME | |
| Personal name | Laudon, Jane P. , jt. auth. |
| Personal name | Dass, Rajanish, jt. auth. |
| 942 ## - ADDED ENTRY ELEMENTS (KOHA) | |
| Source of classification or shelving scheme | Dewey Decimal Classification |
| Koha item type | Books |
| Lost status | Source of classification or shelving scheme | Damaged status | Not for loan | Collection code | Permanent Location | Current Location | Shelving location | Date acquired | Total Checkouts | Full call number | Date last seen | Copy number | Koha item type |
|---|---|---|---|---|---|---|---|---|---|---|---|---|---|
| Dewey Decimal Classification | Not For Loan | Non-fiction | Central Library, University of Rajshahi | Central Library, University of Rajshahi | Reading Room | 31/12/2019 | 658.4038 LAM 1998 | 31/12/2019 | C-1 | Books |